000 01418nam a2200349 a 4500
001 000115469
003 CHAP
005 20220329144536.0
008 190527s2019 mx a sm |||||||spa d
010 _a111930
011 _a112902
040 _cCHAP
090 _aTesis
100 1 _aFarfán Chapa, María Antonieta.
_9135761
245 1 3 _aEl movimiento socio-ambiental Tezontlalli vive, de San Mateo Chipiltepec, frente al proyecto del Nuevo Aeropuerto Internacional de la Ciudad de México /
_h[En línea]
_cpor María Antonieta Farfán Chapa.
260 _aChapingo, Méx. :
_bEl autor,
_c2019.
500 _aPara ver el contenido del material haga clic en la liga
502 _aTesis (M.C. en Desarrollo Rural Regional) -- UACH. Dirección de Centros Regionales Universitarios
590 _aBATCH-UPD
_b05
_c20190527
_lUCH01
_h1553
590 _aE11695DGD
_b10
_c20190528
_lUCH01
_h1006
590 _aE11695DGD
_b10
_c20190528
_lUCH01
_h1007
590 _aE8697GMM
_b05
_c20190527
_lUCH01
_h1436
590 _aE8697GMM
_b05
_c20190527
_lUCH01
_h1438
590 _aE8697GMM
_b05
_c20190527
_lUCH01
_h1552
590 _aE8697GMM
_b05
_c20190527
_lUCH01
_h1559
650 1 4 _aMedio ambiente
_xProtección
_zMéxico (Edo.).
_974113
650 1 4 _aMovimientos sociales
_xMéxico (Edo.)
_979175
856 _aFinding aid
_uhttp://10.13.5.2/tesis/sist115469.pdf
_zTeclea aquí
901 _aBK
942 _cTESIS
942 _n0
999 _c111930
_d111930